| 000 | 01616nam a2200277 i 4500 | ||
|---|---|---|---|
| 001 | 123025 | ||
| 003 | ES-MaACL | ||
| 005 | 20251217152311.0 | ||
| 007 | t| | ||
| 008 | 070214s1929 sp |||| | spa d | ||
| 080 | _a32 Clemencín, Diego | ||
| 080 | _a94(460)"1820/23"(093) | ||
| 100 | 1 |
_aPuyol y Alonso, Julio, _d1865-1937 _994454 |
|
| 245 | 1 | 0 |
_aDon Diego Clemencín, ministro de Fernando VII : _b(recuerdos del Ministerio del 7 de julio de 1822) / _cJulio Puyol ; con numerosos documentos inéditos, que pertenecieron a Clemencín, y la reproducción de autógrafos y láminas de la época. |
| 260 |
_aMadrid : _b[s.n.], _c1929 ( _fTip. de la "Revista de Archivos") |
||
| 300 |
_a218 p., [34] h. de lám. ; _c26 cm. |
||
| 530 | _aDisponible en formato digital. | ||
| 599 | _aRetr. de: Diego Clemencín (de un retr. al óleo por F. de Madrazo); Francisco Martínez de la Rosa (dibujado por G. Fagnani); Nicolás Garelly (de un retr. al óleo por Vicente López); José María Moscoso; Luis María Balanzat; Fernando VII (retr. al óleo por Goya); Guardia real de caballería; El general Riego en 1820; Evaristo San Miguel (de un retr. al óleo por F. de Madrazo) | ||
| 600 | 1 | 4 |
_aClemencín, Diego. _939172 |
| 651 | 7 |
_aEspaña- _xHistoria- _y1820-1823, Trienio constitucional _9145382 |
|
| 852 |
_aES-MaACL _jB-3894 _cSPB |
||
| 856 | 4 |
_uhttp://bdh-rd.bne.es/viewer.vm?id=0000231445&page=1 _y(Biblioteca Digital Hispánica) |
|
| 856 | 4 |
_uhttps://bibliotecadigital.jcyl.es/es/consulta/registro.do?id=5662 _y(Biblioteca Digital de Castilla y León) |
|
| 942 | _2udc | ||
| 999 |
_c123025 _d123025 |
||